Statistics for FORMER Scottish Football League Teams

Click here to take the quiz!

General Stats

  • This quiz has been taken 66 times
    (51 since last reset)
  • The average score is 8 of 40

Answer Stats

Last YearCLUB% Correct
1966-67Third Lanark
85%
2007-08Gretna
79%
2001-02Clydebank
69%
2015-16East Stirlingshire
62%
2018-19Berwick Rangers
46%
1925-26Vale of Leven
44%
2001-02Airdrieonians (1)
44%
1897-98Renton
33%
1938-39St. Bernard's
31%
1909-10Ayr
23%
1948-49Edinburgh City (1)
21%
1928-29Bathgate
18%
1931-32Bo'ness
18%
1910-11Port Glasgow Athletic
15%
1952-53Leith Athletic
15%
1914-15Abercorn
13%
1894-95Cowlairs
13%
1932-33Armadale
13%
1891-92Cambuslang
13%
1925-26Broxburn United
13%
1928-29Arthurlie
10%
1909-10Ayr Parkhouse
10%
1925-26Mid-Annandale
8%
1925-26Peebles Rovers
8%
1939-40King's Park
8%
1925-26Lochgelly United
8%
1926-27Nithsdale Wanderers
8%
1893-94Thistle
5%
1925-26Solway Star
5%
1925-26Beith
5%
1925-26Galston
5%
1925-26Johnstone
5%
1925-26Helensburgh
5%
1925-26Clackmannan
5%
1893-94Northern
3%
1899-1900Linthouse
3%
1924-25Dumbarton Harp
3%
1894-95Dundee Wanderers
3%
1925-26Dykehead
0%
1925-26Royal Albert
0%

Score Distribution

Percentile by Number Answered

Percent of People with Each Score

Your Score History

You have not taken this quiz since the last reset